[Event "38th WCh U20 Girls"]
[Site "Cala Gonone ITA"]
[Date "2022.10.13"]
[Round "3.18"]
[White "Georges, Lisa"]
[Black "Vanduyfhuys, Daria"]
[Result "0-1"]
[WhiteElo "1799"]
[BlackElo "2073"]
[EventDate "2022.10.12"]
[PlyCount "72"]

1.e4 c5 2.Nf3 d6 3.d4 cxd4 4.Nxd4 Nf6 5.Nc3 a6 6.Be3 e5 7.Nb3 Be7 8.f3 h5 
9.Qd2 Be6 10.Nd5 Bxd5 11.exd5 Nbd7 12.O-O-O Nb6 13.Kb1 Nbxd5 14.Bg5 Qc7 
15.Bd3 O-O-O 16.Rhe1 Kb8 17.h4 Rhe8 18.Na5 Nb6 19.Qe2 Na4 20.Nb3 Nd5 21.
Bd2 Bxh4 22.Rh1 Bf6 23.Ba5 Ndb6 24.Be4 g6 25.Rd3 Qc4 26.Bxb6 Nxb6 27.Na5 
Qb5 28.Nxb7 d5 29.Nxd8 dxe4 30.Qxe4 Rxd8 31.Rb3 Qc5 32.a3 Rd6 33.Qa4 Ka7 
34.Qe8 Qc7 35.Rc3 Qb7 36.Rb3 Rd8 0-1

[Event "38th WCh U20 Girls"]
[Site "Cala Gonone ITA"]
[Date "2022.10.13"]
[Round "3.19"]
[White "Walter, Ema"]
[Black "Badenhorst, Chloe"]
[Result "1-0"]
[WhiteElo "2062"]
[BlackElo "1687"]
[EventDate "2022.10.12"]
[PlyCount "121"]

1.e4 c5 2.Nf3 Nc6 3.Bb5 g6 4.Bxc6 dxc6 5.d3 Bg7 6.h3 Qc7 7.O-O e5 8.Be3 b6
9.a4 a5 10.Qd2 h6 11.Nc3 Ne7 12.Nh2 g5 13.Ne2 f5 14.exf5 Bxf5 15.Ng3 Bg6 
16.Qe2 O-O-O 17.Ra3 Nd5 18.Ne4 Qe7 19.h4 Bxe4 20.dxe4 Nf4 21.Qc4 gxh4 22.
Rb3 Kc7 23.Qa6 Rb8 24.Rd1 Ne6 25.Rbd3 Rhd8 26.Rxd8 Nxd8 27.Ng4 h5 28.Nh2 
Nb7 29.c3 Qf7 30.Qa7 Qe7 31.b4 Bf8 32.Nf3 h3 33.g3 Rd8 34.Re1 Qe8 35.bxa5 
bxa5 36.Rb1 Rb8 37.Nxe5 Bd6 38.Qb6+ Kc8 39.Nxc6 Qxe4 40.Na7+ Kd7 41.Qb5+ 
Kc7 42.Qf1 Rg8 43.Nb5+ Kc6 44.Nxd6 Nxd6 45.Re1 Qg2+ 46.Qxg2+ hxg2 47.Bf4 
Re8 48.Rxe8 Nxe8 49.Be5 Kd5 50.f4 Kc4 51.Kxg2 Kb3 52.Kf2 Kxa4 53.Ke2 Kb3 
54.Kd2 a4 55.Kc1 Kc4 56.Kb2 Kd5 57.Ka3 Ke6 58.Kxa4 Kf5 59.Kb5 Kg4 60.Kxc5 
Kxg3 61.f5+ 1-0

[Event "38th WCh U20 Girls"]
[Site "Cala Gonone ITA"]
[Date "2022.10.13"]
[Round "3.20"]
[White "Ruiz Villalba, Andrea"]
[Black "Levitan, Ronit"]
[Result "1/2-1/2"]
[WhiteElo "1764"]
[BlackElo "2024"]
[EventDate "2022.10.12"]
[PlyCount "117"]

1.e4 e5 2.Nf3 Nc6 3.Bc4 Bc5 4.O-O Nf6 5.d3 d6 6.c3 h6 7.Nbd2 O-O 8.Bb3 Bb6
9.Re1 Ne7 10.Nf1 Ng6 11.h3 c6 12.N3h2 d5 13.Qf3 Be6 14.Bc2 Nh7 15.Qg3 h5 
16.Bd1 h4 17.Qf3 f5 18.exd5 cxd5 19.Qh5 Qe8 20.Nf3 Nf6 21.Qg5 Bd8 22.Nxh4 
Nxh4 23.Qxh4 f4 24.Rxe5 Nd7 25.Qh5 Nxe5 26.Qxe5 Bf6 27.Qxf4 Bxc3 28.Qc7 
Bd4 29.Be3 Bxe3 30.Nxe3 Qb5 31.Bf3 Rad8 32.Qe5 Qd7 33.Rc1 Qd6 34.Qd4 b6 
35.Ng4 Bxg4 36.Bxg4 Qf4 37.Qxf4 Rxf4 38.Kf1 Kf8 39.Rc7 Rf7 40.Rc6 Re7 41.
g3 Re5 42.Rc7 Re7 43.Rc6 Rde8 44.Bh5 Re1+ 45.Kg2 Rd8 46.Rc7 Rb1 47.b3 a5 
48.Rc6 Rb2 49.Rxb6 Rxa2 50.Kf3 Rb2 51.Rb5 Rd6 52.Rxa5 Rxb3 53.Ke3 Rb4 54.
Bg4 Ke7 55.f4 Kf6 56.Bc8 Rc6 57.Ra6 Rxa6 58.Bxa6 Rb6 59.Bc8 1/2-1/2

[Event "38th WCh U20 Girls"]
[Site "Cala Gonone ITA"]
[Date "2022.10.13"]
[Round "3.21"]
[White "Simkunaite, Gabija"]
[Black "Daniilidi, Dimitra Lydia"]
[Result "1/2-1/2"]
[WhiteElo "2014"]
[BlackElo "1498"]
[EventDate "2022.10.12"]
[PlyCount "110"]

1.e4 c6 2.d4 d5 3.exd5 cxd5 4.Bd3 Nc6 5.c3 Nf6 6.Bf4 g6 7.Nf3 Bf5 8.Bxf5 
gxf5 9.Nbd2 e6 10.Ne5 Rg8 11.g3 Bd6 12.Ndf3 Ne4 13.Nxc6 bxc6 14.Bxd6 Qxd6 
15.Ne5 Ke7 16.Qh5 Rg7 17.Qe2 a5 18.f3 Nf6 19.Nd3 Rb8 20.Rb1 Nd7 21.Qe3 Nb6
22.Qe5 Rgg8 23.Qxd6+ Kxd6 24.Kf2 f6 25.Rhe1 Nc4 26.b3 Na3 27.Rbc1 Nb5 28.
f4 h5 29.Re3 h4 30.Nc5 hxg3+ 31.hxg3 Rbe8 32.Rh1 Re7 33.a4 Na7 34.Rh6 Rf8 
35.Re1 Nc8 36.Rg6 Nb6 37.Kf3 Nd7 38.Nb7+ Kc7 39.Nxa5 c5 40.dxc5 Nxc5 41.
Ra1 Ra8 42.b4 Ne4 43.Rc1 Kb6 44.Ke3 Rc7 45.c4 dxc4 46.Rxc4 Rxc4 47.Nxc4+ 
Kc6 48.Na5+ Kd5 49.Rg7 e5 50.g4 fxg4 51.Rxg4 Nc3 52.Rg2 Nxa4 53.Rc2 Rb8 
54.Rd2+ Ke6 55.fxe5 fxe5 1/2-1/2

[Event "38th WCh U20 Girls"]
[Site "Cala Gonone ITA"]
[Date "2022.10.13"]
[Round "3.22"]
[White "Le Thuy An"]
[Black "Cassi, Elisa"]
[Result "0-1"]
[WhiteElo "1728"]
[BlackElo "1965"]
[EventDate "2022.10.12"]
[PlyCount "62"]

1.e4 c6 2.d4 d5 3.exd5 cxd5 4.Bd3 Nc6 5.c3 Nf6 6.Bf4 Bg4 7.Nf3 e6 8.Nbd2 
Bd6 9.Bxd6 Qxd6 10.O-O O-O 11.h3 Bh5 12.Qb3 Rab8 13.Rae1 b5 14.a3 Rfc8 15.
Ne5 Na5 16.Qb4 Qc7 17.f4 Nc4 18.Rf2 Bg6 19.Qb3 Bxd3 20.Nxd3 a5 21.g4 b4 
22.axb4 axb4 23.Nxb4 Nxd2 24.Rxd2 Qxf4 25.Rg2 Ne4 26.Qa4 Ng5 27.Nc6 Rxc6 
28.Qxc6 Nf3+ 29.Kh1 Nxe1 30.Rg1 Nf3 31.Kg2 Rxb2+ 0-1

[Event "38th WCh U20 Girls"]
[Site "Cala Gonone ITA"]
[Date "2022.10.13"]
[Round "3.23"]
[White "Velikova, Gabriela"]
[Black "Mkrtchian, Mariam"]
[Result "0-1"]
[WhiteElo "1500"]
[BlackElo "2374"]
[EventDate "2022.10.12"]
[PlyCount "74"]

1.e4 c6 2.d4 d5 3.e5 Bf5 4.g4 Be4 5.f3 Bg6 6.h4 h5 7.e6 Qd6 8.exf7+ Bxf7 
9.Ne2 e5 10.g5 Nd7 11.Bh3 Be6 12.dxe5 Nxe5 13.f4 Bxh3 14.fxe5 Qb4+ 15.Qd2 
Qxh4+ 16.Kd1 Qf2 17.Qf4 Qxf4 18.Bxf4 Bg4 19.Nc3 Ne7 20.Kd2 Ng6 21.Bg3 Be7 
22.Nd4 Bxg5+ 23.Kd3 Ke7 24.Na4 Nf4+ 25.Bxf4 Bxf4 26.Rae1 Raf8 27.Nc5 Bc8 
28.e6 g5 29.c4 h4 30.cxd5 cxd5 31.Nb5 g4 32.Nxa7 h3 33.Nxc8+ Rxc8 34.Nd7 
g3 35.Rhf1 Rh4 36.Ne5 Bxe5 37.Rxe5 g2 0-1

[Event "38th WCh U20 Girls"]
[Site "Cala Gonone ITA"]
[Date "2022.10.13"]
[Round "3.24"]
[White "Altantuya, Boldbaatar"]
[Black "Ortega Beltran, Ximena"]
[Result "1-0"]
[WhiteElo "2223"]
[BlackElo "1820"]
[EventDate "2022.10.12"]
[PlyCount "53"]

1.d4 Nf6 2.c4 c5 3.d5 b5 4.Nf3 g6 5.cxb5 a6 6.e3 e6 7.Nc3 exd5 8.Nxd5 Bb7 
9.Nxf6+ Qxf6 10.bxa6 Nxa6 11.Bb5 Bd6 12.a4 O-O 13.O-O g5 14.e4 Bf4 15.Bxf4
Qxf4 16.Qc1 Qxe4 17.Qxg5+ Qg6 18.Qxg6+ fxg6 19.Bxd7 Nb4 20.Ne5 Rf4 21.Rac1
Ra5 22.Bb5 Rf5 23.Rxc5 Bd5 24.Nc4 Ra7 25.Ne3 Re5 26.Nxd5 Rxd5 27.Bc4 1-0

[Event "38th WCh U20 Girls"]
[Site "Cala Gonone ITA"]
[Date "2022.10.13"]
[Round "3.25"]
[White "Singgih, Diajeng Theresa"]
[Black "Mikic, Ivana"]
[Result "1/2-1/2"]
[WhiteElo "1991"]
[BlackElo "1783"]
[EventDate "2022.10.12"]
[PlyCount "80"]

1.e4 e5 2.Nf3 Nc6 3.Bb5 Nf6 4.O-O Nxe4 5.Re1 Nd6 6.Bxc6 dxc6 7.d4 e4 8.Nc3
Be7 9.Nxe4 Nxe4 10.Rxe4 O-O 11.c3 Bf5 12.Re5 Qd7 13.Re3 Bf6 14.Qb3 b6 15.
Bd2 Rfe8 16.Rae1 Rxe3 17.Bxe3 Be6 18.Qd1 Rd8 19.Bg5 Bxg5 20.Nxg5 Re8 21.h3
h6 22.Nf3 f6 23.Nh4 Bxa2 24.Rxe8+ Qxe8 25.Qg4 Be6 26.Qg3 Qe7 27.Ng6 Qd6 
28.Nf4 Bf7 29.Qg4 c5 30.d5 Qe5 31.Qc8+ Kh7 32.Ne6 Bxe6 33.dxe6 Qe1+ 34.Kh2
Qe5+ 35.g3 Qe2 36.Kg2 Qe4+ 37.Kf1 Qd3+ 38.Kg1 Qb1+ 39.Kg2 Qe4+ 40.Kf1 Qd3+
1/2-1/2

[Event "38th WCh U20 Girls"]
[Site "Cala Gonone ITA"]
[Date "2022.10.13"]
[Round "3.26"]
[White "Ishvi, Aggarwal"]
[Black "Saravanan, Durga"]
[Result "1-0"]
[WhiteElo "1964"]
[BlackElo "1736"]
[EventDate "2022.10.12"]
[PlyCount "183"]

1.d4 Nf6 2.c4 e6 3.g3 d5 4.Nf3 Bb4+ 5.Bd2 Bd6 6.Nc3 O-O 7.Bg5 c6 8.Bg2 h6 
9.Bxf6 Qxf6 10.O-O Qd8 11.e4 dxc4 12.Nd2 Nd7 13.Nxc4 Nb6 14.Ne3 e5 15.d5 
Bc5 16.Nc2 a5 17.Qe2 Qe7 18.Rae1 Bb4 19.Ne3 g6 20.Kh1 Bd7 21.f4 exf4 22.
gxf4 Bxc3 23.bxc3 cxd5 24.exd5 f5 25.Qf2 Qf6 26.Rb1 Ra6 27.Rfc1 Na4 28.
Rxb7 Nc5 29.Rc7 Qd6 30.Rxd7 Nxd7 31.Qh4 Kh7 32.Re1 Qf6 33.Qxf6 Nxf6 34.Rb1
Nh5 35.Rb7+ Kg8 36.Bf1 Rd6 37.c4 Rc8 38.Rb5 Nxf4 39.c5 Rdd8 40.Bc4 Kg7 41.
Rxa5 Re8 42.Ng2 Nh3 43.d6 Rb8 44.Bb3 f4 45.Nh4 Red8 46.Ra7+ Kf6 47.Nf3 Kf5
48.Kg2 Ng5 49.Nd4+ Ke4 50.Nc6 f3+ 51.Kf1 Ke3 52.Nxd8 Rxd8 53.Bc2 Kd4 54.
Bxg6 Kxc5 55.d7 Kb6 56.Ra3 Rxd7 57.h4 Rd1+ 58.Kf2 Rd2+ 59.Ke1 Re2+ 60.Kf1 
Ne4 61.Rxf3 Rxa2 62.Bxe4 Ra4 63.Rf4 Kc5 64.Kf2 Kd6 65.Ke3 Ra3+ 66.Bd3 Ke6 
67.Kd4 Ra5 68.Bc4+ Ke7 69.Ke4 Rc5 70.Bd5 Ra5 71.Ke5 Ra6 72.Rf7+ Ke8 73.Rf6
Ra1 74.Rxh6 Kf8 75.Rg6 Re1+ 76.Be4 Kf7 77.h5 Re2 78.Rg5 Rh2 79.Bd5+ Kf8 
80.Be6 Ke7 81.Bd5 Kf8 82.Kf6 Rf2+ 83.Kg6 Rc2 84.h6 Rc7 85.h7 Rg7+ 86.Kh6 
Rxg5 87.h8=Q+ Ke7 88.Kxg5 Kd6 89.Qd4 Kc7 90.Qc5+ Kb8 91.Qb6+ Kc8 92.Be6# 
1-0

[Event "38th WCh U20 Girls"]
[Site "Cala Gonone ITA"]
[Date "2022.10.13"]
[Round "3.27"]
[White "Grozdanovic, Anastasia"]
[Black "Gabbani, Sara"]
[Result "1-0"]
[WhiteElo "1824"]
[BlackElo "1944"]
[EventDate "2022.10.12"]
[PlyCount "95"]

1.d4 Nf6 2.c4 g6 3.g3 Bg7 4.Bg2 d5 5.cxd5 Nxd5 6.e4 Nb6 7.Ne2 O-O 8.O-O c5
9.d5 f5 10.Nbc3 Nc4 11.h4 Nd6 12.Bf4 Nd7 13.Qc1 b6 14.h5 Ba6 15.Re1 Qe8 
16.Bxd6 exd6 17.exf5 Rxf5 18.Nf4 Ne5 19.hxg6 hxg6 20.Be4 Rf6 21.Ne6 Qf7 
22.Qc2 Bh6 23.f4 Nc4 24.Bd3 Qd7 25.Qe2 b5 26.Ne4 Rxe6 27.dxe6 Qxe6 28.Nc3 
Qf6 29.Bxc4+ bxc4 30.Qe6+ Qxe6 31.Rxe6 Kf7 32.Rxd6 Bc8 33.Re1 Bg7 34.Nd5 
Bd4+ 35.Kg2 Bf5 36.Kf3 Bxb2 37.g4 Bd3 38.Re7+ Kg8 39.Rc7 Rf8 40.Ne7+ Kh8 
41.f5 Re8 42.Nxg6+ Kg8 43.Ne7+ Kf8 44.Re6 Rd8 45.Ng6+ Kg8 46.Ne7+ Kf8 47.
Rh6 Re8 48.f6 1-0

[Event "38th WCh U20 Girls"]
[Site "Cala Gonone ITA"]
[Date "2022.10.13"]
[Round "3.28"]
[White "Norlamo, Sarabella"]
[Black "Shaw, Laurie Ann"]
[Result "1-0"]
[WhiteElo "1946"]
[BlackElo "1409"]
[EventDate "2022.10.12"]
[PlyCount "79"]

1.d4 Nf6 2.c4 c5 3.d5 b5 4.cxb5 a6 5.bxa6 Bxa6 6.Nc3 d6 7.e4 Bxf1 8.Kxf1 
g6 9.g3 Bg7 10.Kg2 O-O 11.Nf3 Nbd7 12.Qe2 Ng4 13.a4 Nge5 14.Nxe5 Nxe5 15.
f4 Nd7 16.Bd2 Rb8 17.Rhb1 Rb3 18.Be1 Qa8 19.Nb5 Rc8 20.Bc3 c4 21.Nd4 Bxd4 
22.Bxd4 e6 23.dxe6 fxe6 24.Kg1 Rd3 25.Bf2 Nc5 26.Bxc5 Rxc5 27.Rd1 Rxd1+ 
28.Rxd1 Qxa4 29.Rxd6 Qa1+ 30.Rd1 Qa2 31.Qd2 Rc8 32.Qd7 Qa6 33.Rd6 Qa1+ 34.
Rd1 Qa6 35.Rd6 Qa1+ 36.Kg2 Qxb2+ 37.Kh3 Qb8 38.Qxe6+ Kg7 39.Qe7+ Kg8 40.
Rd7 1-0

[Event "38th WCh U20 Girls"]
[Site "Cala Gonone ITA"]
[Date "2022.10.13"]
[Round "3.29"]
[White "Andhin, Chethanah"]
[Black "Hajiyeva, Laman"]
[Result "0-1"]
[WhiteElo "1493"]
[BlackElo "2138"]
[EventDate "2022.10.12"]
[PlyCount "54"]

1.d4 d5 2.Bf4 c5 3.c3 Nf6 4.Nf3 Nc6 5.e3 Qb6 6.b3 Bf5 7.Nbd2 cxd4 8.cxd4 
Nb4 9.Rc1 Nxa2 10.Ra1 Nc3 11.Qc1 Rc8 12.Qa3 e5 13.Qb2 exf4 14.Rc1 Bb4 15.
Nh4 Nce4 16.Rxc8+ Bxc8 17.Nf3 Nxd2 18.Nxd2 Ne4 19.Kd1 Bxd2 20.Qc2 Bf5 21.
Bd3 Nxf2+ 22.Kxd2 Qb4+ 23.Kc1 Nxd3+ 24.Kb1 O-O 25.Qe2 Qxb3+ 26.Ka1 Qa3+ 
27.Qa2 Qc3+ 0-1

[Event "38th WCh U20 Girls"]
[Site "Cala Gonone ITA"]
[Date "2022.10.13"]
[Round "3.30"]
[White "Dejanovic, Tereza"]
[Black "Oliveira, Beatriz Correia"]
[Result "1/2-1/2"]
[WhiteElo "1943"]
[BlackElo "1538"]
[EventDate "2022.10.12"]
[PlyCount "115"]

1.e4 d5 2.exd5 Qxd5 3.Nf3 Nf6 4.Nc3 Qa5 5.Be2 Bf5 6.O-O e6 7.d4 Bb4 8.Bd2 
O-O 9.a3 Bxc3 10.Bxc3 Qd5 11.b3 Qc6 12.Bb4 Rd8 13.c4 Qe8 14.Bc3 c6 15.Qc1 
h6 16.h3 Nbd7 17.Re1 Rac8 18.Bd1 Ne4 19.Bc2 Ndf6 20.Bb2 Bh7 21.Qb1 Nd6 22.
Bxh7+ Nxh7 23.a4 Qd7 24.Qc2 Ne8 25.Ne5 Qc7 26.Qe2 Nd6 27.Rad1 Nf6 28.Qf3 
Nf5 29.g4 Nd6 30.h4 Nh7 31.Kg2 Ne8 32.Bc1 Qe7 33.Rh1 f6 34.Ng6 Qf7 35.h5 
Nf8 36.Nxf8 Qxf8 37.Rhe1 Qf7 38.Qe2 Nc7 39.Bf4 Re8 40.Rd3 Qd7 41.Re3 Kf7 
42.Qd3 Kg8 43.Bg3 Re7 44.Re4 Rce8 45.Qe2 Kf7 46.Qf3 Rc8 47.Kh2 Ne8 48.R1e3
Nc7 49.Qe2 Rce8 50.Rf3 Rc8 51.Bf4 Kg8 52.Qe3 Rf8 53.Kg2 Ne8 54.Rg3 Nd6 55.
Bxd6 Qxd6 56.Qe2 Rfe8 57.Rge3 Kf7 58.Qe1 1/2-1/2

[Event "38th WCh U20 Girls"]
[Site "Cala Gonone ITA"]
[Date "2022.10.13"]
[Round "3.31"]
[White "Sebastian, Mhage Gerriahlou"]
[Black "Silvera, Pilar"]
[Result "1-0"]
[WhiteElo "1865"]
[BlackElo "1470"]
[EventDate "2022.10.12"]
[PlyCount "49"]

1.d4 Nf6 2.c4 g6 3.Nc3 Bg7 4.e4 d6 5.Nf3 O-O 6.Be2 e5 7.dxe5 dxe5 8.Qxd8 
Rxd8 9.Bg5 Nbd7 10.Rd1 c6 11.Nxe5 Re8 12.Nxd7 Nxd7 13.f3 Ne5 14.Kf2 Be6 
15.c5 Nc4 16.Bxc4 Bxc4 17.Rd7 Bxc3 18.bxc3 Bxa2 19.Rxb7 a5 20.Ra1 Bc4 21.
Rb6 Rec8 22.Be7 a4 23.Ra3 Bb3 24.Bd6 Ra7 25.Rbxb3 1-0

[Event "38th WCh U20 Girls"]
[Site "Cala Gonone ITA"]
[Date "2022.10.13"]
[Round "3.32"]
[White "Muha, Magdalena"]
[Black "Jacobsen, Shanne Hedegaard"]
[Result "1-0"]
[WhiteElo "1706"]
[BlackElo "1412"]
[EventDate "2022.10.12"]
[PlyCount "65"]

1.d4 d5 2.c4 c6 3.Nf3 Nf6 4.Nc3 e6 5.e3 Nbd7 6.Bd3 dxc4 7.Bxc4 b5 8.Bb3 
Bb7 9.O-O b4 10.Na4 c5 11.dxc5 Nxc5 12.Qe2 Ba6 13.Bc4 Bxc4 14.Qxc4 Qa5 15.
Nxc5 Qxc5 16.Qb3 Qd5 17.Qc2 Be7 18.Rd1 Qb5 19.Nd4 Qb7 20.Qa4+ Kf8 21.Bd2 
Rc8 22.a3 bxa3 23.bxa3 g6 24.Rab1 Qe4 25.Qxa7 Ra8 26.Qc7 Nd5 27.Qd7 Nf6 
28.Qc7 Nd5 29.Qb7 Rxa3 30.Nc6 Bd6 31.Qd7 Ne7 32.Qxd6 Qxc6 33.Qxa3 1-0

[Event "38th WCh U20 Girls"]
[Site "Cala Gonone ITA"]
[Date "2022.10.13"]
[Round "3.33"]
[White "Femil, Chelladurai"]
[Black "Gardiner, Noa Saxon"]
[Result "1-0"]
[WhiteElo "1562"]
[BlackElo "1266"]
[EventDate "2022.10.12"]
[PlyCount "63"]

1.e4 c6 2.d4 d5 3.Nc3 dxe4 4.Nxe4 Nd7 5.Nf3 Ngf6 6.Ng3 e6 7.c3 Bd6 8.Bc4 
Qc7 9.Qe2 O-O 10.O-O c5 11.dxc5 Bxc5 12.a4 b6 13.Ng5 Ne5 14.Bf4 Bd6 15.
Bxe5 Bxe5 16.Bd3 h6 17.N5e4 Nd5 18.Nd2 Nf4 19.Qe4 Nxd3 20.Qxd3 Bb7 21.Nf3 
Rfd8 22.Qe2 Bf4 23.Rfd1 Bd5 24.Nd4 e5 25.Nb5 Qc6 26.Nf5 Kf8 27.Qd3 Qg6 28.
f3 Qh5 29.h4 g6 30.g4 Bxf3 31.Qxd8+ Rxd8 32.Rxd8# 1-0

[Event "38th WCh U20 Girls"]
[Site "Cala Gonone ITA"]
[Date "2022.10.14"]
[Round "4.1"]
[White "Goltseva, Ekaterina"]
[Black "Kamalidenova, Meruert"]
[Result "1/2-1/2"]
[WhiteElo "2300"]
[BlackElo "2376"]
[EventDate "2022.10.12"]
[PlyCount "88"]

1.d4 d5 2.c4 e6 3.Nf3 Nf6 4.g3 dxc4 5.Bg2 Bb4+ 6.Nc3 O-O 7.O-O Nc6 8.Qa4 
Nd5 9.Qc2 Be7 10.Rd1 Rb8 11.e4 Ncb4 12.Qb1 Nxc3 13.bxc3 Nd3 14.Qb5 Nxc1 
15.Raxc1 c5 16.Qxc4 b5 17.Qe2 Qc7 18.c4 bxc4 19.Qxc4 Bd7 20.dxc5 Rfc8 21.
Qd4 Be8 22.c6 Bxc6 23.Ne5 Rd8 24.Nxc6 Rxd4 25.Nxd4 Qb6 26.Nc6 Bg5 27.Nxb8 
Bxc1 28.Nc6 Bg5 29.e5 Qc7 30.h4 Be7 31.Nxe7+ Qxe7 32.a4 g6 33.Rd4 Qc5 34.
Re4 a5 35.Bf3 Kg7 36.Kg2 h6 37.Kg1 Qc1+ 38.Kg2 Qa1 39.Be2 Qb1 40.Bf3 Qc2 
41.Rf4 Qc3 42.Re4 Qc2 43.Rf4 Qc5 44.Re4 Qc2 1/2-1/2

[Event "38th WCh U20 Girls"]
[Site "Cala Gonone ITA"]
[Date "2022.10.14"]
[Round "4.2"]
[White "Hrebenshchykova, Yelyzaveta"]
[Black "Beydullayeva, Govhar"]
[Result "1/2-1/2"]
[WhiteElo "2268"]
[BlackElo "2356"]
[EventDate "2022.10.12"]
[PlyCount "64"]

1.d4 Nf6 2.c4 e6 3.g3 Bb4+ 4.Bd2 Be7 5.Bg2 d5 6.Nf3 c6 7.Qc2 Nbd7 8.O-O b6
9.Bf4 Bb7 10.b3 O-O 11.Nc3 Ba6 12.Rfd1 Qc8 13.e4 dxc4 14.e5 Nd5 15.Bg5 Qd8
16.Ne4 cxb3 17.axb3 Bb5 18.Bxe7 Qxe7 19.Nd6 a5 20.h4 f5 21.Nd2 Nb4 22.Qc3 
Ba6 23.N2c4 Rab8 24.f4 Nd5 25.Qd2 Rfd8 26.Rdc1 Nf8 27.Bxd5 cxd5 28.Na3 Ng6
29.Nab5 Bxb5 30.Nxb5 Qd7 31.Nd6 Nh8 32.b4 Nf7 1/2-1/2

[Event "38th WCh U20 Girls"]
[Site "Cala Gonone ITA"]
[Date "2022.10.14"]
[Round "4.3"]
[White "Salimova, Nurgyul"]
[Black "Schulze, Lara"]
[Result "1-0"]
[WhiteElo "2415"]
[BlackElo "2266"]
[EventDate "2022.10.12"]
[PlyCount "109"]

1.Nf3 d5 2.d4 Nf6 3.c4 e6 4.g3 Bb4+ 5.Bd2 a5 6.Bg2 O-O 7.O-O dxc4 8.Qc2 
Bxd2 9.Nbxd2 b5 10.b3 cxb3 11.Nxb3 Bb7 12.Rfc1 Bd5 13.Nc5 Na6 14.e4 Bc4 
15.Nb7 Qb8 16.e5 Nb4 17.Qb1 Bd3 18.Qb3 Bc4 19.Qb1 Bd3 20.Qb2 Qxb7 21.exf6 
gxf6 22.Ne5 c6 23.Ng4 Nd5 24.Qd2 Bg6 25.Bxd5 cxd5 26.Qf4 Rfc8 27.Nxf6+ Kg7
28.Qe5 Kf8 29.h4 Rxc1+ 30.Rxc1 Rc8 31.Rc5 Rxc5 32.dxc5 Qc6 33.h5 Bb1 34.h6
Ke7 35.Ng8+ Ke8 36.Qb8+ Kd7 37.Nf6+ Ke7 38.Ng8+ Kd7 39.Qf8 Bg6 40.Nf6+ Kc7
41.Ne8+ Kd7 42.Nf6+ Kc7 43.Qe7+ Kc8 44.Ne8 a4 45.Nd6+ Kb8 46.Qd8+ Ka7 47.
Qa5+ Kb8 48.Qb4 Kc7 49.Nxb5+ Kd7 50.Nd4 Qa6 51.c6+ Kc7 52.Qe7+ Kb8 53.c7+ 
Kb7 54.Qd7 Qc4 55.c8=Q+ 1-0

[Event "38th WCh U20 Girls"]
[Site "Cala Gonone ITA"]
[Date "2022.10.14"]
[Round "4.4"]
[White "Schneider, Jana"]
[Black "Ouellet, Maili-Jade"]
[Result "0-1"]
[WhiteElo "2331"]
[BlackElo "2177"]
[EventDate "2022.10.12"]
[PlyCount "110"]

1.e4 c5 2.Nf3 Nc6 3.Bb5 e6 4.Bxc6 bxc6 5.d3 Ne7 6.Nbd2 d6 7.O-O Ng6 8.Re1 
e5 9.c3 Be7 10.d4 cxd4 11.cxd4 O-O 12.Qc2 Qc7 13.dxe5 dxe5 14.Nb3 Bg4 15.
Nfd2 Nf4 16.Nc4 a5 17.f3 Be6 18.Be3 Rfb8 19.Ncd2 Qb7 20.Rab1 Qb5 21.Nc1 
Rd8 22.b3 Rab8 23.Kh1 Bb4 24.Rg1 Ne2 25.Re1 Nd4 26.Qb2 Rd7 27.Rg1 Rbd8 28.
Nf1 f5 29.Bg5 Rf8 30.Ng3 h6 31.Be3 f4 32.a4 Qb8 33.Bxd4 Rxd4 34.Nge2 Rd2 
35.Qa1 Rfd8 36.Rf1 Bc8 37.Nc3 Ba6 38.Re1 Qa7 39.N1e2 Qf2 40.Rf1 Qe3 41.Rg1
Bxe2 42.Nxe2 Qxe2 43.Qxe5 Kh8 44.Qf5 Rc2 45.Qg4 Bc5 46.Rge1 Qd2 47.Rf1 Be3
48.Qg6 Rd6 49.Qg4 Kh7 50.Qh3 Rg6 51.g3 fxg3 52.hxg3 Rg5 53.Rbd1 Qg2+ 54.
Qxg2 Rh5+ 55.Qh3 Rxh3# 0-1

[Event "38th WCh U20 Girls"]
[Site "Cala Gonone ITA"]
[Date "2022.10.14"]
[Round "4.5"]
[White "Priyanka, Nutakki"]
[Black "Serikbay, Assel"]
[Result "1/2-1/2"]
[WhiteElo "2326"]
[BlackElo "2181"]
[EventDate "2022.10.12"]
[PlyCount "84"]

1.d4 d5 2.c4 c6 3.Nc3 Nf6 4.e3 a6 5.Qc2 g6 6.Bd3 Bg7 7.Nf3 Nbd7 8.O-O O-O 
9.b3 b5 10.Bb2 Bb7 11.Rad1 Qa5 12.c5 Qc7 13.h3 b4 14.Na4 a5 15.Ne5 Ba6 16.
Rfe1 Bb5 17.Nxd7 Nxd7 18.e4 Bxa4 19.bxa4 dxe4 20.Bxe4 e6 21.Bf3 Nf6 22.Bc1
Rfd8 23.Bg5 Rd7 24.Bh4 Nd5 25.Bg3 Qc8 26.Bd6 Nc3 27.Rd3 Bf8 28.Be5 Bg7 29.
h4 Qa6 30.h5 Bxe5 31.Rxe5 Rad8 32.Qd2 Qc4 33.h6 Rxd4 34.Qf4 f5 35.Rxd4 
Rxd4 36.Qg5 Kf7 37.Qg3 Rh4 38.Rxf5+ exf5 39.Qc7+ Kf6 40.Qd8+ Kf7 41.Qd7+ 
Kf6 42.Qd8+ Kf7 1/2-1/2

[Event "38th WCh U20 Girls"]
[Site "Cala Gonone ITA"]
[Date "2022.10.14"]
[Round "4.6"]
[White "Jarocka, Liwia"]
[Black "Malicka, Maria"]
[Result "1/2-1/2"]
[WhiteElo "2089"]
[BlackElo "2327"]
[EventDate "2022.10.12"]
[PlyCount "80"]

1.e4 c5 2.c3 Nf6 3.e5 Nd5 4.Nf3 e6 5.d4 cxd4 6.cxd4 d6 7.Bc4 Nc6 8.O-O Be7
9.Qe2 O-O 10.Qe4 Qc7 11.Bd3 f5 12.exf6 Nxf6 13.Qe2 Nb4 14.Bc4 d5 15.Bb3 
Bd6 16.Nc3 a6 17.Bg5 Bd7 18.Rfe1 Rae8 19.Ne5 Nc6 20.Rad1 Bb4 21.Bxf6 gxf6 
22.Qg4+ Kh8 23.Nxd7 f5 24.Qh4 Qxd7 25.Re3 Be7 26.Qh3 Bf6 27.Ne2 Qf7 28.Rc3
Rc8 29.Rdc1 Bg5 30.Rd1 Rg8 31.Kh1 Ne7 32.f4 Rxc3 33.bxc3 Bf6 34.c4 Rd8 35.
Qf3 dxc4 36.Bxc4 b5 37.Bb3 Nd5 38.Nc3 Nxc3 39.Qxc3 Qd7 40.Qe3 Re8 1/2-1/2

[Event "38th WCh U20 Girls"]
[Site "Cala Gonone ITA"]
[Date "2022.10.14"]
[Round "4.7"]
[White "Rudzinska, Michalina"]
[Black "Aydin, Gulenay"]
[Result "1-0"]
[WhiteElo "2259"]
[BlackElo "2109"]
[EventDate "2022.10.12"]
[PlyCount "77"]

1.e4 c5 2.Nf3 Nc6 3.d4 cxd4 4.Nxd4 Nf6 5.Nc3 d6 6.Bg5 e6 7.Qd3 a6 8.Nxc6 
bxc6 9.O-O-O Be7 10.Qg3 Qa5 11.Bxf6 gxf6 12.f4 Rb8 13.Bc4 Kf8 14.Bb3 h5 
15.Rhe1 h4 16.Qf3 Qh5 17.Qf2 Qa5 18.e5 dxe5 19.fxe5 f5 20.g4 hxg3 21.hxg3 
Rg8 22.Qe2 c5 23.Rh1 Rb4 24.Rh7 Rbg4 25.Qf3 Qc7 26.Rxf7+ Kxf7 27.Qxf5+ Ke8
28.Ba4+ Bd7 29.Bxd7+ Qxd7 30.Qh5+ Kd8 31.Rxd7+ Kxd7 32.Qh1 Rxg3 33.Qb7+ 
Ke8 34.Ne4 Rg1+ 35.Kd2 R8g7 36.Qxa6 R7g4 37.Qxe6 R1g2+ 38.Kc3 Rxe4 39.Qc6+
1-0

[Event "38th WCh U20 Girls"]
[Site "Cala Gonone ITA"]
[Date "2022.10.14"]
[Round "4.8"]
[White "Urh, Zala"]
[Black "Koubova, Anna Marie"]
[Result "1-0"]
[WhiteElo "2221"]
[BlackElo "2089"]
[EventDate "2022.10.12"]
[PlyCount "93"]

1.d4 Nf6 2.c4 e6 3.Nc3 Bb4 4.e3 O-O 5.Ne2 c5 6.a3 Bxc3+ 7.Nxc3 cxd4 8.exd4
d5 9.Be2 dxc4 10.Bxc4 h6 11.O-O Nbd7 12.Qd3 Nb6 13.Ba2 Nbd5 14.Nxd5 Nxd5 
15.Bb1 Nf6 16.Bf4 Bd7 17.Be5 g6 18.Qf3 Nd5 19.Qh3 Kh7 20.Bd3 Rc8 21.Rae1 
f5 22.Kh1 Rg8 23.Qg3 Qb6 24.Re2 Rcf8 25.Bc4 Bb5 26.Bxb5 Qxb5 27.Rfe1 Rc8 
28.h4 Rc6 29.Qf3 Qa4 30.g4 Rc2 31.gxf5 gxf5 32.Qh5 Rg6 33.Kh2 Qc6 34.Rg1 
Ne7 35.Bg3 f4 36.Bxf4 Rxe2 37.Qxe2 Rxg1 38.Kxg1 Nf5 39.Qh5 Qe4 40.Qf7+ Ng7
41.Bg3 a5 42.Qd7 Qb1+ 43.Kg2 b6 44.Be5 Qe4+ 45.Kg3 Qg6+ 46.Kh2 Qg4 47.
Qxg7+ 1-0

[Event "38th WCh U20 Girls"]
[Site "Cala Gonone ITA"]
[Date "2022.10.14"]
[Round "4.9"]
[White "Vanduyfhuys, Daria"]
[Black "Gomez Barrera, Javiera Belen"]
[Result "1-0"]
[WhiteElo "2073"]
[BlackElo "2219"]
[EventDate "2022.10.12"]
[PlyCount "99"]

1.d4 Nf6 2.c4 g6 3.Nc3 d5 4.cxd5 Nxd5 5.Bd2 c5 6.e4 Nxc3 7.Bxc3 cxd4 8.
Bxd4 e5 9.Bxe5 Bb4+ 10.Bc3 Bxc3+ 11.bxc3 Qa5 12.Qd2 Nd7 13.Bc4 Nc5 14.Ne2 
O-O 15.Qe3 Re8 16.f3 Be6 17.Bxe6 Nxe6 18.O-O Rac8 19.Rfc1 Rc4 20.Rd1 Rec8 
21.Rd5 R4c5 22.Rd7 R5c7 23.Rd2 Rc4 24.Rad1 b6 25.Qf2 Ra4 26.Rd5 Qa6 27.Nd4
Nf4 28.Qe3 Nxd5 29.exd5 b5 30.Nc6 Rf8 31.Qe5 Qb6+ 32.Kh1 f6 33.Qe6+ Kg7 
34.Qe2 Rc4 35.Nd4 Rf7 36.Ne6+ Kh6 37.Qd2+ g5 38.f4 Kg6 39.Qd3+ f5 40.fxg5 
Qf2 41.Rf1 Qh4 42.d6 Qe4 43.Qh3 Qh4 44.d7 Qxh3 45.d8=Q Qxc3 46.Qg8+ Rg7 
47.Qf8 f4 48.g4 Qe5 49.Qe8+ Rf7 50.Nf8+ 1-0

[Event "38th WCh U20 Girls"]
[Site "Cala Gonone ITA"]
[Date "2022.10.14"]
[Round "4.10"]
[White "Kucharska, Honorata"]
[Black "Djidjeli, Sarah"]
[Result "1/2-1/2"]
[WhiteElo "2179"]
[BlackElo "2082"]
[EventDate "2022.10.12"]
[PlyCount "77"]

1.e4 c5 2.Nf3 Nc6 3.d4 cxd4 4.Nxd4 Nf6 5.Nc3 e5 6.Ndb5 d6 7.Bg5 a6 8.Na3 
b5 9.Nd5 Be7 10.Bxf6 Bxf6 11.c3 Ne7 12.Nxf6+ gxf6 13.g3 Bb7 14.Bg2 f5 15.
Qe2 Qc7 16.Nc2 fxe4 17.Bxe4 Bxe4 18.Qxe4 Qc6 19.Qxc6+ Nxc6 20.O-O-O O-O-O 
21.Ne3 Ne7 22.a4 d5 23.axb5 axb5 24.Ng4 Nc6 25.Rhe1 e4 26.Kc2 h5 27.Ne3 d4
28.cxd4 Nxd4+ 29.Kb1 Nf3 30.Rxd8+ Rxd8 31.Rc1+ Kb7 32.Rc5 Rd2 33.Rxb5+ Kc6
34.Rxh5 Rxf2 35.Nc4 f6 36.Kc1 Nxh2 37.b4 f5 38.Ne3 Kb5 39.Rxf5+ 1/2-1/2